| 000 | 01127cam a2200241 4500 | ||
|---|---|---|---|
| 001 | ##L135181 | ||
| 008 | 061003n2006 000 0 eng u | ||
| 020 | _a185261904X | ||
| 035 | _a(Sirsi) u135181 | ||
| 041 | 0 | _aeng | |
| 050 | 0 | 4 | _a333.33 $2 18 |
| 100 | 1 | _aChippendale, David | |
| 245 | 0 | 0 |
_aLondon office policy review 2006 _ba review of office market trends 2004-2006 and their implications for strategic planning policy |
| 260 |
_aLondon _bMayor of London _c2006 |
||
| 520 | _aProvides current information on the supply and demand for London offices, and assesses how the office market is affected by planning policy. Includes information on developments in the planning pipeline as well as forecasts for demand and capacity. Tables and graphs. | ||
| 590 | _aIKA171006 NTK | ||
| 651 | 4 | _aLONDON | |
| 690 | _aPROPERTY-COMMERCIAL PROPERTY-OFFICE PROPERTY | ||
| 700 | 1 | _aMarsh, Geoff | |
| 710 | 1 |
_aLondon _bGreater London Authority _bMayor of London _94869 |
|
| 856 | 4 | 0 |
_uhttps://legacy.london.gov.uk/mayor/planning/docs/lopr-06.pdf _zView the report free of charge at the www.london.gov.uk website. |
| 942 | _n0 | ||
| 999 |
_c105939 _d105939 |
||